000 nam a22 7a 4500
999 _c8436
_d8436
008 180116b ||||| |||| 00| 0 eng d
100 _aKhan.N.
_94837
245 _aModern English Images
260 _aNew Delhi
_bNCERT
_c2003